000 01728nam0a2200337 4500
001 RU\NLR\bibl\1811663
005 20260407074904.0
010 _a978-5-89598-249-5 (в обл.)
_9500
021 _aRU
_b2011-63461
_94453
035 _a(NLR Aleph) 001802268
090 _a1795315
_c1795315
100 _a20110922d2010 |||y0rusy50 ca
101 0 _arus
102 _aRU
105 _aacgh|||||||||
200 1 _aГустав Малер и Россия
_e[к 150-летию со дня рождения и 100-летию со дня смерти Густава Малера (1860-1911)]
_fМоск. гос. консерватория им. П. И. Чайковского
_g[ред.-сост. - к.иск., доц. Даниил Рустамович Петров]
210 _aМосква
_cМосковская консерватория
_d2010
215 _a95, [1] c.
_cил., цв. ил., факс., портр., нот.
_d29
320 _aБиблиогр. в подстроч. примеч.
600 1 _aМалер
_bГ.
_f1860 - 1911
_gГустав
_91595537
_3RU\NLR\auth\66701718
686 _aЩ313(2Р=Рус)-183
686 _aЩ313(4А)53-83Малер
702 1 _4570
_8rus
_7ca
_aМалер
_bГ.
_f1860-1911
_gГустав
_3RU\NLR\auth\7718194
_91276
702 1 _4220
_8rus
_7ca
_aПетров
_bД. Р.
_cканд. искусствоведения
_gДаниил Рустамович
_3RU\NLR\auth\77109999
_992924
712 0 2 _4570
_aМосковская государственная консерватория им. П. И. Чайковского
_3RU\NLR\AUTH\883916
_9279172
801 0 _aRU
_bNLR
_c20110922
_gRCR
801 1 _aRU
_bNLR
_c20110922
942 _cBOOK
980 _aNB